GLOBAL BARGAIN HUNTING THE INVESTOR'S GUIDE TO PROFITS IN EMERGING MARKETS / (Record no. 615796)

000 -LEADER
fixed length control field 00400nam a22001337a 4500
020 ## - INTERNATIONAL STANDARD BOOK NUMBER
Qualifying information HB.
040 ## - CATALOGING SOURCE
Transcribing agency FIZZA ISHAQ
082 ## - DEWEY DECIMAL CLASSIFICATION NUMBER
Classification number 332.637
Author Mark BUR
100 ## - MAIN ENTRY--PERSONAL NAME
Personal name MALKIEL,G.BURTON.
9 (RLIN) 132739
245 ## - TITLE STATEMENT
Title GLOBAL BARGAIN HUNTING THE INVESTOR'S GUIDE TO PROFITS IN EMERGING MARKETS /
Statement of responsibility, etc. BURTON G.MALKIEL.
260 ## - PUBLICATION, DISTRIBUTION, ETC.
Place of publication, distribution, etc. NEW YORK;
Name of publisher, distributor, etc. SIMON & SCHUSTER,
Date of publication, distribution, etc. 1998.
300 ## - PHYSICAL DESCRIPTION
Extent 239 P. ;
Dimensions 9.4X6.1IN
942 ## - ADDED ENTRY ELEMENTS (KOHA)
Source of classification or shelving scheme
Koha item type Book
Holdings
Withdrawn status Lost status Source of classification or shelving scheme Damaged status Not for loan Permanent Location Current Location Shelving location Date acquired Total Checkouts Full call number Barcode Date last seen Price effective from Koha item type
          NUST Baluchistan Campus (NBC) NUST Baluchistan Campus (NBC) Reference 01/07/2026   332.637 BUR QD-907 01/07/2026 01/07/2026 Book
© 2023 Central Library, National University of Sciences and Technology. All Rights Reserved.